| 000 | 00420nam a2200133 a 4500 | ||
|---|---|---|---|
| 001 | ASINB00KY60UMS | ||
| 005 | 20140919190524.0 | ||
| 008 | 140919s1999 xxu eng d | ||
| 100 | 1 | _aKhan ,Abdul Waheed. | |
| 245 | 1 | 0 |
_aPrayers for Haj and Umra _cAbdul Waheed Khan. |
| 300 |
_a79 p. _c1999 |
||
| 520 | _aHaj-o-Umra by Abdul Waheed Khan | ||
| 856 | 4 | 0 |
_3Amazon.com _uhttp://www.amazon.com/exec/obidos/ASIN/chopaconline-20 |
| 999 |
_c10233 _d10233 |
||